| 000 | 00648nam a2200241Ia 4500 | ||
|---|---|---|---|
| 001 | 11952 | ||
| 003 | GE_BSU | ||
| 008 | 181216s||||||||xx |||||||||||||| ||und|| | ||
| 020 | _a9783640561896 | ||
| 040 | _cGE_BSU | ||
| 080 | _a005.334 | ||
| 100 | _aWeidner,Stephan | ||
| 245 | _aRisk management for Small and medium sized incoming tour operators | ||
| 245 | _bShown at the ezample of Skylimit S.A. | ||
| 245 | _cIsla Margarita | ||
| 260 | _aGermany | ||
| 260 | _bGrin Verlag | ||
| 260 | _c2009 | ||
| 300 | _a114p.21cm. | ||
| 541 | _h132Gel. | ||
| 653 | _aRisk management for Small and medium sized incoming tour operators | ||
| 942 | _cBK | ||
| 999 |
_c45129 _d45129 |
||